Statistics for Justice League / Avengers Quiz

Click here to take the quiz!

General Stats

  • This quiz has been taken 1,564 times
  • The average score is 22 of 32

Answer Stats

Secret IdentitiesJustice League / Avengers Members% Correct
Bruce WayneBatman
98%
Tony StarkIron Man
98%
Clark KentSuperman
98%
Steve RogersCaptain America
97%
Bruce BannerHulk
96%
ThorThor
96%
Princess DianaWonder Woman
96%
Natalia RomanovaBlack Widow
95%
Barry AllenFlash
95%
Clinton BartonHawkeye
93%
T'ChallaBlack Panther
92%
Wanda MaximoffScarlet Witch
88%
Henry PymAnt-Man
86%
Arthur CurryAquaman
83%
Pietro MaximoffQuicksilver
83%
Hal JordanGreen Lantern
81%
Janet PymWasp
80%
Oliver QueenGreen Arrow
77%
Samuel WilsonFalcon
73%
John JonesMartian Manhunter
60%
Ray PalmerAtom
53%
Dinah Laurel LanceBlack Canary
53%
Carter HallHawkman
51%
Shiera HallHawkgirl
50%
Ronnie RaymondFirestorm
42%
Victor Shade (alias)Vision
37%
Ralph DibnyElongated Man
31%
Patrick "Eel" O'BrienPlastic Man
24%
John SmithRed Tornado
24%
Dane WhitmanBlack Knight
18%
Jacques DuquesneSwordsman
12%
Harry Cleese (alias)Hercules
10%

Score Distribution

Percentile by Number Answered

Percent of People with Each Score

Your Score History

You have not taken this quiz